<?xml version="1.0" encoding="UTF-8"?>
<record
    xmlns:xsi="http://www.w3.org/2001/XMLSchema-instance"
    xsi:schemaLocation="http://www.loc.gov/MARC21/slim http://www.loc.gov/standards/marcxml/schema/MARC21slim.xsd"
    xmlns="http://www.loc.gov/MARC21/slim">

  <leader>00344    a2200145   4500</leader>
  <datafield tag="082" ind1=" " ind2=" ">
    <subfield code="a">338.5</subfield>
  </datafield>
  <datafield tag="090" ind1=" " ind2=" ">
    <subfield code="c">3625</subfield>
    <subfield code="d">3625</subfield>
  </datafield>
  <datafield tag="100" ind1=" " ind2=" ">
    <subfield code="a">Varian,Hal R.</subfield>
  </datafield>
  <datafield tag="245" ind1=" " ind2=" ">
    <subfield code="a">Intermediate Microeconomics</subfield>
    <subfield code="c">Hal R.Varian</subfield>
  </datafield>
  <datafield tag="250" ind1=" " ind2=" ">
    <subfield code="a">6th</subfield>
  </datafield>
  <datafield tag="260" ind1=" " ind2=" ">
    <subfield code="a">Rawalpindi</subfield>
    <subfield code="b">S.T.Printers</subfield>
    <subfield code="c">2000</subfield>
  </datafield>
  <datafield tag="300" ind1=" " ind2=" ">
    <subfield code="a">688p</subfield>
  </datafield>
  <datafield tag="500" ind1=" " ind2=" ">
    <subfield code="a">Hard cover</subfield>
  </datafield>
  <datafield tag="942" ind1=" " ind2=" ">
    <subfield code="a">NBS</subfield>
    <subfield code="c">BK</subfield>
    <subfield code="k">338.5 VAR</subfield>
  </datafield>
  <datafield tag="999" ind1=" " ind2=" ">
    <subfield code="c">346093</subfield>
    <subfield code="d">346093</subfield>
  </datafield>
  <datafield tag="952" ind1=" " ind2=" ">
    <subfield code="0">0</subfield>
    <subfield code="1">0</subfield>
    <subfield code="4">1</subfield>
    <subfield code="7">0</subfield>
    <subfield code="a">CL</subfield>
    <subfield code="b">CL</subfield>
    <subfield code="d">2013-08-28</subfield>
    <subfield code="l">1</subfield>
    <subfield code="o">338.5 VAR</subfield>
    <subfield code="p">NBSD-440</subfield>
    <subfield code="r">2015-07-02</subfield>
    <subfield code="s">2015-07-02</subfield>
    <subfield code="w">2013-08-28</subfield>
    <subfield code="y">BK</subfield>
  </datafield>
  <datafield tag="952" ind1=" " ind2=" ">
    <subfield code="0">0</subfield>
    <subfield code="1">0</subfield>
    <subfield code="4">0</subfield>
    <subfield code="7">0</subfield>
    <subfield code="a">NLS</subfield>
    <subfield code="b">NLS</subfield>
    <subfield code="d">2013-08-28</subfield>
    <subfield code="l">3</subfield>
    <subfield code="m">1</subfield>
    <subfield code="o">338.5 VAR</subfield>
    <subfield code="p">NBSD-443</subfield>
    <subfield code="r">2020-01-23</subfield>
    <subfield code="s">2019-10-10</subfield>
    <subfield code="w">2013-08-28</subfield>
    <subfield code="y">BK</subfield>
  </datafield>
  <datafield tag="952" ind1=" " ind2=" ">
    <subfield code="0">0</subfield>
    <subfield code="1">0</subfield>
    <subfield code="4">0</subfield>
    <subfield code="7">0</subfield>
    <subfield code="a">CL</subfield>
    <subfield code="b">CL</subfield>
    <subfield code="d">2013-08-28</subfield>
    <subfield code="l">1</subfield>
    <subfield code="m">1</subfield>
    <subfield code="o">338.5 VAR</subfield>
    <subfield code="p">NBSD-438</subfield>
    <subfield code="r">2024-08-15</subfield>
    <subfield code="s">2022-09-10</subfield>
    <subfield code="w">2013-08-28</subfield>
    <subfield code="y">BK</subfield>
  </datafield>
</record>
